000 00339nam a2200133Ia 4500
008 240624s9999 xx 000 0 und d
041 _aeng
082 _a368 KRI
100 _aKRIELE MARCUS
245 _aVALUE ORIENTED RISK MANAGEMENT OF INSURA
260 _c2014
_aLondon
_bSpringer
300 _axii, 378 p.; 23 cm.
365 _cERU
_b30
999 _c31282
_d31282